Catholic University of Zimbabwe Library
Online Public Access Catalogue
(OPAC)

Concise Oxford English dictionary / (Record no. 15204)

MARC details
000 -LEADER
fixed length control field 01203cam a22002657a 4500
001 - CONTROL NUMBER
control field 15359165
005 - DATE AND TIME OF LATEST TRANSACTION
control field 20200305103055.0
008 - FIXED-LENGTH DATA ELEMENTS--GENERAL INFORMATION
fixed length control field 080709s2008 enk 000 0 eng
010 ## - LIBRARY OF CONGRESS CONTROL NUMBER
LC control number 2008030091
020 ## - INTERNATIONAL STANDARD BOOK NUMBER
International Standard Book Number 9780199548415 (hbk.)
040 ## - CATALOGING SOURCE
Original cataloging agency DLC
Transcribing agency DLC
Modifying agency DLC
050 00 - LIBRARY OF CONGRESS CALL NUMBER
Classification number PE1628
Item number .C68 2008
082 00 - DEWEY DECIMAL CLASSIFICATION NUMBER
Classification number 423
Edition number 22
245 00 - TITLE STATEMENT
Title Concise Oxford English dictionary /
Statement of responsibility, etc. edited by Catherine Soanes, Angus Stevenson.
246 30 - VARYING FORM OF TITLE
Title proper/short title Oxford English dictionary
250 ## - EDITION STATEMENT
Edition statement [Updated] 11th ed., rev.
260 ## - PUBLICATION, DISTRIBUTION, ETC.
Place of publication, distribution, etc. Oxford ;
-- New York :
Name of publisher, distributor, etc. Oxford University Press,
Date of publication, distribution, etc. 2008.
300 ## - PHYSICAL DESCRIPTION
Extent 1681 p. ;
Dimensions 24 cm
650 #0 - SUBJECT ADDED ENTRY--TOPICAL TERM
Topical term or geographic name entry element English language
Form subdivision Dictionaries.
700 1# - ADDED ENTRY--PERSONAL NAME
Personal name Soanes, Catherine.
700 1# - ADDED ENTRY--PERSONAL NAME
Personal name Stevenson, Angus.
856 41 - ELECTRONIC LOCATION AND ACCESS
Materials specified Table of contents only
Uniform Resource Identifier <a href="http://www.loc.gov/catdir/toc/ecip0823/2008030091.html">http://www.loc.gov/catdir/toc/ecip0823/2008030091.html</a>
906 ## - LOCAL DATA ELEMENT F, LDF (RLIN)
a 7
b cbc
c orignew
d 1
e ecip
f 20
g y-gencatlg
942 ## - ADDED ENTRY ELEMENTS (KOHA)
Source of classification or shelving scheme
Koha item type Reference
Holdings
Withdrawn status Lost status Source of classification or shelving scheme Damaged status Not for loan Home library Current library Shelving location Date acquired Source of acquisition Cost, normal purchase price Total Checkouts Full call number Barcode Date last seen Price effective from Koha item type
          CUZ Harare Campus CUZ Harare Campus Reference 05.03.2020 Purchased 50.00   REF PE1628.C68 BK008977 22.05.2025 05.03.2020 Reference

OPENING HOURS

Weekdays: 0815hrs - 1800hrs
Weekends:0900hrs - 1200hrs

Closed for Mass:

Mon, Thur: 1200hrs - 1300hrs
Sunday & Public Holiday’s

CALL SUPPORT

0242-570570, 0242-570169
09200664, +263 8644140602

LOCATION

18443, Cranborne Avenue, Hatfield, Harare

Other Links


©2021 | CUZ Library